000 00491nam a2200217Ia 4500
008 210210b2010 xxu||||| |||| 00| 0 eng d
020 _a9788130913131
041 _aeng
082 _a547 SORO
100 _aSORRELL (Thomas N)
245 _aOrganic chemistry Ed 2
250 _a
260 _aNew Delhi
_bViva books
_c2010
300 _axxiv,988+52
650 _aOrganic
650 _aEd
650 _achemistry
650 _a2
690 _aOrganic Chemistry
906 _a066774
999 _c149232
_d149232